00362nam a2200133Ia 4500008004100000020001500041041001200056082001600068100001600084245006300100260003600163300000800199650002100207221030s9999 xx 000 0 und d a8173173125 aEnglish a105.23bSin aV. P. Singh 0aMicrosoft Front Page 2000 ( DEPARTMENTAL )cby V. P. Singh bAsia Pub HouseaNew Delhic2000 a294 aCSE Departmental